LEADER 00581nam a2200157 i 4500 001 000000161005 003 CaOOAMICUS 005 20070426000000.0 008 070426n it u000 u ita u 013 $a138368 040 $aSeMil$bita 245 10$aVolume 2. 773 0 $aTicino : Dipartimento della Pubblica Educazione$tScrittori della Svizzera italiana.$dBellinzona : Istituto Editoriale Ticinese, 1936.$w()17721 850 $aSeMil 852 $aSeMil$W1$xVenegono$y1$m1C VI 8$j112447$B112447$CSeMilBibl$Z2$F122621 $81 996 $6245$aVolume 2$9(OLS)http://semarc/title/11564 LEADER 01071nam a2200205 i 4500 001 000000235233 003 CaOOAMICUS 005 20141106000000.0 008 141106s2004 it u000 u ita u 013 $a214136 040 $aSeMil$bita 100 1 $aBregantini, Giancarlo Maria,$c.$0(OLS)http://semarc/name/91265 245 10$a["Far ardere il cuore" :$bAvvento 2004. Lettera ai presbiteri e diaconi della Diocesi di Locri-Gerace sulla Parola di Dio /$cp. GianCarlo Maria Bregantini. 260 $aS.l. :$bs.n.],$c2004. 300 $a29 p. ;$c22 cm. 650 4$aBregantini, Giancarlo Maria - Scritti, discorsi, omelie, lettere pastorali, etc.$0(OLS)http://semarc/subject/29360 850 $aSeMil 852 $aSeMil$W1$xVenegono$y1$m5B XII 9/8$j185579$B185579$CSeMilBibl$Z2$F196635 $81 996 $6245$a["Far ardere il cuore" :$bAvvento 2004. Lettera ai presbiteri e diaconi della Diocesi di Locri-Gerace sulla Parola di Dio$9(OLS)http://semarc/title/335451 996 $6260$aS.l. :$bs.n.]$9(OLS)http://semarc/publisher/37924